00412cam a22001217a 4500008004000000082001500040245009300055260005800148300001000206650003500216700001800251700002100269180718b1989 xxu||||| |||| 00| 0 eng d aU6x54 K541 aDynamics of management of public enterprisescedited by Waris R. Kidwai and Baldeo Sahai aDelhibStandin Conference of Public Enterprisesc1989 a569p. aGovernment Enterprises - India aSahai, Baldeo aKidwai, Waris R.